Daily Capital City Riddle #3 - Statistics

General Stats
  • This quiz has been taken 123 times
  • The average score is 27 of 32
Answer Stats
Type Answer % Correct
Correctly Placed Letter A
100%
Found Letter A
100%
Alphabet Letter I
99%
Found Letter R
99%
Alphabet Letter S
98%
Found Letter N
96%
Alphabet Letter O
96%
Alphabet Letter P
95%
Alphabet Letter T
94%
Alphabet Letter D
93%
Alphabet Letter L
93%
Alphabet Letter C
92%
Correctly Placed Letter R
91%
Found Letter E
90%
Alphabet Letter G
90%
Alphabet Letter B
89%
Alphabet Letter M
89%
Alphabet Letter U
89%
Alphabet Letter K
87%
Alphabet Letter H
85%
Alphabet Letter W
85%
Found Letter Y
76%
Alphabet Letter J
73%
Correctly Placed Letter E
72%
Alphabet Letter V
71%
Correctly Placed Letter N
69%
Alphabet Letter F
64%
Alphabet Letter Z
64%
Alphabet Letter X
62%
Alphabet Letter Q
61%
Correctly Placed Letter Y
60%
Mystery Capital Yaren
59%
No matching quizzes found
Score Distribution
Percent of People with Each Score
Percentile by Number Answered
Your Score History
You have not taken this quiz